Представление документа в формате RUSMARC

ПолеНазваниеЗначение
  Тип записи i
  Библиографический уровень m
001 Контрольный номер RU/IS/BASE/479494927
005 Дата корректировки 20201206204940.0
010 Индекс ISBN __
a ISBN 978-5-9677-1600-3 (в кор.)
d Цена 204-75
100 Данные общей обработки __
a Данные общей обработки 19150312d2011||||||| 0rusy0189 ca
101 Язык документа 0_
a Язык текста rus
102 Страна публикации __
a Страна публикации ru
105 Кодированные данные (монография) __
a Кодированные данные (монография) nn|||||||||zy
127 Кодированные данные (звукозаписи-физические характеристики) __
a Продолжительность проигрывания 08 ч 58 мин
200 Заглавие и сведения об ответственности 1_
a Заглавие Рассказы и повести
e Сведения, относящиеся к заглавию [12+]
f Первые сведения об ответственности Ив. Бунинъ ; [читает Илья Бобылев]
b Общее обозначение материала Звукозапись
210 Выходные данные __
a Место издания Москва
c Издательство 1С-Паблишинг
c Издательство Дистрибутор
d Дата издания 2011
215 Физическое описание __
a Объем 1 электрон. опт. диск (Audio CD)
d Формат 12х14 см
225 Серия __
a Серия 1С: Аудиокниги
225 Серия __
a Серия Русская классика
230 Специфическая характеристика материала: электронные ресурсы __
a Обозначение и объем ресурса Электронные звуковые данные
323 Примечание о главных создателях, исполнителях, участниках __
a Примечание о главных создателях, исполнителях, участниках Бобылев, И. (читает)
327 Примечание о содержании __
a Примечание о содержании Деревня
327 Примечание о содержании __
a Примечание о содержании Сверчок
327 Примечание о содержании __
a Примечание о содержании Чистый понедельник
327 Примечание о содержании __
a Примечание о содержании Косцы
327 Примечание о содержании __
a Примечание о содержании Лапти
327 Примечание о содержании __
a Примечание о содержании Легкое дыхание
327 Примечание о содержании __
a Примечание о содержании Сказка
327 Примечание о содержании __
a Примечание о содержании Господин из Сан-Франциско
330 Аннотация __
a Аннотация Иван Алексеевич Бунин - выдающийся русский писатель, великолепный стилист в прозе, тончайший лирик в поэзии. В 1909 г. избран почетным академиком Санкт-Петербургской академии наук по разряду изящной словесности. С 1920 г. - в эмиграции. В 1933 г. И. А. Бунину - первому из русских писателей - присуждена Нобелевская премия по литературе. Слушателям предлагаются его повести и рассказы, написанные в разные годы жизни.
333 Примечание о целевом назначении __
a Примечание о целевом назначении 12+. Для детей старше 12 лет
337 Примечание о системных требованиях (электронные ресурсы) __
a Примечание о системных требованиях (электронные ресурсы) Системные требования: MS Windows ; Pentium 100 ; RAM 16 M ; SVGA 800x600 ; CD-ROM ; звуковая карта ; колонки ; наушники ; мышь ; аудиосистема поддерживающая MP3
517 Другие варианты заглавия __
a Другие варианты заглавия Деревня
517 Другие варианты заглавия __
a Другие варианты заглавия Сверчок
517 Другие варианты заглавия __
a Другие варианты заглавия Чистый понедельник
517 Другие варианты заглавия __
a Другие варианты заглавия Косцы
517 Другие варианты заглавия __
a Другие варианты заглавия Лапти
517 Другие варианты заглавия __
a Другие варианты заглавия Легкое дыхание
517 Другие варианты заглавия __
a Другие варианты заглавия Сказка
517 Другие варианты заглавия __
a Другие варианты заглавия Господин из Сан-Франциско
606 Тематические рубрики __
a Основная рубрика Художественная литература
606 Тематические рубрики __
a Основная рубрика Русская литература XX в. (произведения)
610 Ключевые слова __
a Ключевые слова классическая литература
a Ключевые слова повести
a Ключевые слова рассказы
a Ключевые слова русское зарубежье
a Ключевые слова тема взаимоотношений
a Ключевые слова тема деревни
a Ключевые слова тема жизни
a Ключевые слова тема любви
a Ключевые слова тема общества
a Ключевые слова тема путешествий
a Ключевые слова тема семьи
a Ключевые слова тема смерти
a Ключевые слова тема судьбы
a Ключевые слова тема человека
686 Индексы других классификаций __
2 Код системы rubbks
a Классификационный индекс 84(2=411.2)53-4я04; ст84(2Рос=Рус)1-4я0
700 Автор _1
a Фамилия Бунин
b Имя И. А.
g Полное личное имя Иван Алексеевич
4 Код отношения 070
801 Источник записи _0
a Страна ru
b Организация Муниципальное бюджетное учреждение культуры "Централизованная библиотечная система" г. Сургут (Центральная городская библиотека им. А. С. Пушкина)
c Дата составления 20150312
g Правила каталогизации КиК/Лукашук
801 Источник записи _1
a Страна ru
b Организация Муниципальное бюджетное учреждение культуры "Централизованная библиотечная система" г. Сургут (Центральная городская библиотека им. А. С. Пушкина)
c Дата составления 20150312
g Правила каталогизации КиК/Лукашук
852 Данные о местонахождении __
j Шифр хранения 84(2=411.2)53-4я04
i Авторский знак Б 91
901 Тип документа __
t Тип документа 0
903 Характеристики (МАРС) __
a Дата передачи 20150312
969 Тип издания __
a Тип издания аудиокнига; издание для слепых; сборник
990 Данные о заказе (DOS) __
j Количество экземпляров (DOS) 7
t N записи в КСУ для И/У (DOS) 201503